1956 a Felvidék tükrében

Bibliographic Details
Format: Article
Language:Hungarian
Slovak
PhysicalDescription:Fotogr.
ISSN:1338-9068
Subjects:

MARC

LEADER 00000nab a2200000 a 4500
001 vtls011722179
003 SK-MaSNL
005 20260318124300.0
008 171123|2017 xo m| 000 02hun
015 |a SNBRB2017/11 
038 |a DSZK 
040 |a DSZK  |b slo  |c DSZK  |e AACR2 
041 0 |a hun  |a slo 
044 |a xo  |c SK 
080 |a 94(439)"1956"  |2 2011 
080 |a 930.2-028.16  |2 2011 
080 |a 791.229.2  |2 2011 
245 0 0 |a 1956 a Felvidék tükrében  |c [szerző] (vk) 
246 3 |a Ezerkilencszázötvenhat a Felvidék tükrében 
300 |b Fotogr. 
546 |a Dvojjazyčné vydanie 
610 2 7 |a Mestská knižnica Zsigmonda Zalabaiho (Šamorín, Slovensko)  |2 dszk  |9 53634 
630 0 7 |a 1956 a Felvidék tükrében (dokumentárny film)  |2 dszk  |9 1494959 
650 0 7 |a maďarské povstanie (1956)  |2 dszk  |9 176544 
650 0 7 |a orálna história  |2 SNKPH  |9 83792 
650 0 7 |a dokumentárne filmy  |2 SNKPH  |9 3400 
650 0 7 |a prezentácia  |2 dszk  |9 428364 
651 7 |a Šamorín (Slovensko)  |2 SNKPH  |9 28925 
773 0 |t Somorja és vidéke=Šamorín a okolie  |g Évf. XXVII, sz. 11 (2017), o. 9  |x 1338-9068 
852 |a DSZK  |b KIS3GCP 
958 |a SK 
958 |a HU 
999 |c 2983213  |d 2985143